[Event "World Blitz 2025"]
[Site "Doha QAT"]
[Date "2025.12.29"]
[Round "7.80"]
[White "Musovic, Armin"]
[Black "Mendonca, Leon Luke"]
[Result "0-1"]
[WhiteTitle "FM"]
[BlackTitle "GM"]
[WhiteElo "2190"]
[BlackElo "2615"]
[WhiteFideId "939935"]
[BlackFideId "35028561"]
[EventDate "2025.12.29"]

1. a3 b6 2. Nc3 Bb7 3. e4 c5 4. Bc4 e6 5. d3 g6 6. h4 h6 7. Bf4 Nc6 8. Nb5 d6 9.
d4 a6 10. d5 Na5 11. dxe6 Nxc4 12. exf7+ Kxf7 13. Nc3 Bg7 14. Nge2 Nf6 15. f3
Re8 16. b3 Ne5 17. Qd2 d5 18. exd5 Nxd5 19. O-O-O Nxf4 20. Qxf4+ Qf6 21. Rd6
Qxf4+ 22. Nxf4 b5 23. Rb6 Re7 24. h5 g5 25. Nfd5 Rd7 26. Ne3 Re8 27. Nf5 Re6 28.
Rxe6 Kxe6 29. Ne3 Nd3+ 30. cxd3 Bxc3 31. Kc2 Bg7 32. Re1 Kf7 33. Nf5 Bf8 34. Re5
Rd5 35. Rxd5 Bxd5 36. Ne3 Ke6 37. Ng4 Bg7 38. a4 bxa4 39. bxa4 Bc6 40. a5 Ba4+
41. Kd2 Bb5 42. Ke3 Bc6 43. Kd2 Bd7 44. Ne3 Kd6 45. g4 Be6 46. Kc2 Bd4 47. Ng2
Bd5 48. Ne1 Ke5 49. Kd2 Kf4 50. Nc2 Kxf3 51. Kd1 Bb3 52. Ke1 Bxc2 0-1

[Event "World Blitz 2025"]
[Site "Doha QAT"]
[Date "2025.12.29"]
[Round "7.81"]
[White "Droin, Augustin"]
[Black "Phuyal, Aashish"]
[Result "1-0"]
[WhiteTitle "IM"]
[WhiteElo "2480"]
[BlackElo "1955"]
[WhiteFideId "45105987"]
[BlackFideId "12312649"]
[EventDate "2025.12.29"]

1. e4 e5 2. Nf3 Nc6 3. d4 exd4 4. Nxd4 Nf6 5. Nxc6 bxc6 6. Nc3 d6 7. Bd3 Be7 8.
O-O O-O 9. f4 Nd7 10. Be3 a5 11. Qe2 Rb8 12. Na4 Re8 13. Rad1 Bf8 14. c4 Nf6 15.
Qc2 g6 16. Rfe1 Bg7 17. Kh1 Ng4 18. Bg1 Qh4 19. g3 Qe7 20. b3 Bb7 21. c5 d5 22.
e5 Bc8 23. h3 Nh6 24. g4 Qh4 25. Qh2 Bd7 26. Bf2 Qe7 27. Qg2 Rb4 28. Be3 Kh8 29.
Bd2 Rbb8 30. Kg1 Qf8 31. Bc3 Ng8 32. Bxa5 f6 33. Bxc7 Rbc8 34. Bd6 Qf7 35. Nb6
fxe5 36. fxe5 Rb8 37. Rf1 Qe6 38. Rde1 Rb7 39. a4 Rd8 40. a5 Ra7 41. b4 Re8 42.
Bf5 gxf5 43. gxf5 Qf7 44. e6 Qh5 45. Nxd7 Nf6 46. Be5 Rg8 47. Nxf6 Bxf6 48.
Bxf6+ 1-0

[Event "World Blitz 2025"]
[Site "Doha QAT"]
[Date "2025.12.29"]
[Round "7.82"]
[White "Sindarov, Islombek"]
[Black "Samadov, Read"]
[Result "1-0"]
[WhiteTitle "CM"]
[BlackTitle "IM"]
[WhiteElo "2129"]
[BlackElo "2510"]
[WhiteFideId "14205475"]
[BlackFideId "13417444"]
[EventDate "2025.12.29"]

1. e4 c6 2. Nf3 d5 3. exd5 cxd5 4. g3 Nc6 5. Bg2 Nf6 6. O-O g6 7. d3 Bg7 8. c4
O-O 9. Nc3 d4 10. Ne2 h6 11. a3 a5 12. Rb1 a4 13. b4 axb3 14. Qxb3 Nd7 15. Nf4
Nc5 16. Qc2 e5 17. Rb5 Ra5 18. Bd2 Rxa3 19. Rxc5 exf4 20. Bxf4 Rc3 21. Qb1 Qe7
22. Rb5 Qe2 23. Rd1 g5 24. Rb2 Qe6 25. Bd2 Ra3 26. Rb6 Qf5 27. Rxc6 bxc6 28. Bb4
Ra8 29. Bxf8 Kxf8 30. Qb6 Qd7 31. Nd2 Ra6 32. Qb4+ Kg8 33. Ne4 Qd8 34. Qb8 Bf8
35. Bh3 Rb6 36. Qxc8 Qe7 37. Re1 Kg7 38. Qf5 Rb3 39. Kf1 Qd8 40. Bg4 Rxd3 41.
Nd6 Qxd6 42. Qxd3 1-0

[Event "World Blitz 2025"]
[Site "Doha QAT"]
[Date "2025.12.29"]
[Round "7.83"]
[White "Kuandykuly, Danis"]
[Black "Morris, James"]
[Result "0-1"]
[WhiteTitle "FM"]
[BlackTitle "IM"]
[WhiteElo "2372"]
[BlackElo "2422"]
[WhiteFideId "13752260"]
[BlackFideId "3205800"]
[EventDate "2025.12.29"]

1. e4 Nc6 2. d4 d5 3. Nc3 dxe4 4. d5 Nb8 5. Nxe4 c6 6. c4 e6 7. dxe6 Qxd1+ 8.
Kxd1 Bxe6 9. Nf3 Na6 10. a3 O-O-O+ 11. Ke1 Nc5 12. Nxc5 Bxc5 13. b4 Be7 14. Bb2
Bf6 15. Ne5 Ne7 16. Be2 Ng6 17. Nd3 Bxc4 18. Bxf6 gxf6 19. Rd1 Rhe8 20. Kd2
Rxe2+ 21. Kxe2 Nf4+ 22. Kf3 Nxd3 23. Ke4 0-1

[Event "World Blitz 2025"]
[Site "Doha QAT"]
[Date "2025.12.29"]
[Round "7.84"]
[White "Alrehaili, Ahmed Abdullah S"]
[Black "Murshed, Niaz"]
[Result "0-1"]
[WhiteTitle "FM"]
[BlackTitle "GM"]
[WhiteElo "2106"]
[BlackElo "2341"]
[WhiteFideId "21518840"]
[BlackFideId "10200010"]
[EventDate "2025.12.29"]

1. e4 c5 2. Nf3 Nc6 3. Bb5 g6 4. O-O Bg7 5. Re1 e5 6. Bxc6 dxc6 7. d3 Be6 8. a3
a5 9. Be3 b6 10. Nbd2 Ne7 11. Nc4 Qc7 12. b4 cxb4 13. axb4 Bxc4 14. dxc4 O-O 15.
Qd2 axb4 16. c5 b5 17. Qxb4 f5 18. Ng5 fxe4 19. Ne6 Qd7 20. Nxf8 Rxf8 21. Qxe4
Nd5 22. Red1 Qf5 23. Qxf5 gxf5 24. Bd2 e4 25. Ra6 Rc8 26. Be1 Kf7 27. g3 Ke6 28.
Ra7 Bf8 29. Rxh7 Bxc5 30. Kf1 Ra8 31. h4 Ra2 32. h5 Rxc2 33. h6 e3 34. f3 e2+ 0-1

[Event "World Blitz 2025"]
[Site "Doha QAT"]
[Date "2025.12.29"]
[Round "7.109"]
[White "Aditya, Mittal"]
[Black "Chekh Adm Khedr, Aram"]
[Result "1-0"]
[WhiteTitle "GM"]
[BlackTitle "FM"]
[WhiteElo "2624"]
[BlackElo "2139"]
[WhiteFideId "35042025"]
[BlackFideId "7601948"]
[EventDate "2025.12.29"]

1. d4 d5 2. c4 dxc4 3. e4 Nf6 4. e5 Nd5 5. Bxc4 Nb6 6. Bd3 Nc6 7. Ne2 Nb4 8. Be4
N4d5 9. Nbc3 f5 10. exf6 exf6 11. Nf4 Nxf4 12. Bxf4 f5 13. Bc2 Bd6 14. Qh5+ g6
15. Qe2+ Qe7 16. Be5 Bxe5 17. dxe5 Be6 18. O-O-O c6 19. h4 Nd5 20. Bb3 Nxc3 21.
bxc3 a5 22. Bxe6 Qxe6 23. Rd6 Qe7 24. Qc4 Kf8 25. Rhd1 Qxe5 26. Rd7 Qf6 27. R1d6 1-0

[Event "World Blitz 2025"]
[Site "Doha QAT"]
[Date "2025.12.29"]
[Round "7.110"]
[White "Averin, Nikolay"]
[Black "George Samir, David"]
[Result "0-1"]
[WhiteTitle "FM"]
[BlackTitle "IM"]
[WhiteElo "2389"]
[BlackElo "2343"]
[WhiteFideId "24250473"]
[BlackFideId "10657789"]
[EventDate "2025.12.29"]

1. e4 c5 2. Nf3 d6 3. d4 cxd4 4. Nxd4 Nf6 5. Nc3 a6 6. h3 e5 7. Nb3 Be7 8. g4 h6
9. Be3 b5 10. Qf3 Qc7 11. O-O-O b4 12. Nd5 Nxd5 13. exd5 a5 14. Kb1 a4 15. Nd2
O-O 16. Bd3 Nd7 17. h4 Ba6 18. Bf5 a3 19. Bxd7 Qxd7 20. b3 f5 21. gxf5 Qxf5 22.
Qxf5 Rxf5 23. Rde1 Bb7 24. Rhg1 Kh7 25. Nc4 Raf8 26. Rd1 Ba6 27. Na5 Bxh4 28.
Nc6 Bxf2 29. Bxf2 Rxf2 30. Nxb4 Be2 31. Rde1 e4 32. Nc6 Rf1 33. Nd4 Rxg1 34.
Rxg1 Rf1+ 35. Rxf1 Bxf1 36. b4 e3 37. Kc1 Bc4 38. Nf5 e2 39. Kd2 Bxa2 40. Ne3
Bxd5 41. Nxd5 a2 42. Kxe2 a1=Q 43. Kd3 Qd1+ 44. Kc4 Qxc2+ 45. Kb5 Qd3+ 46. Kc6
Qc4+ 47. Kxd6 h5 0-1

[Event "World Blitz 2025"]
[Site "Doha QAT"]
[Date "2025.12.29"]
[Round "7.111"]
[White "Piliposyan, Robert"]
[Black "Anand, Tsogtbileg"]
[Result "1-0"]
[WhiteTitle "IM"]
[BlackTitle "CM"]
[WhiteElo "2442"]
[BlackElo "1968"]
[WhiteFideId "13309978"]
[BlackFideId "4926552"]
[EventDate "2025.12.29"]

1. d4 Nf6 2. c4 e6 3. Nf3 Bb4+ 4. Nbd2 O-O 5. a3 Bxd2+ 6. Bxd2 d6 7. Bg5 Qe7 8.
e3 e5 9. Be2 Bf5 10. O-O Nbd7 11. Rc1 a5 12. Nh4 Bg6 13. Nxg6 hxg6 14. Re1 Rfe8
15. Bf3 c6 16. h3 Qe6 17. Bh4 Nb6 18. Qb3 Ra6 19. dxe5 dxe5 20. Bxf6 gxf6 21.
Red1 Kg7 22. Be2 Rb8 23. Qc2 c5 24. Rd2 Nc8 25. Rd8 Rba8 26. Rcd1 Nb6 27. R8d6
Qe7 28. Qb3 Qc7 29. Qb5 a4 30. Bf3 Kg8 31. g3 Kg7 32. Kg2 Rc8 33. Rd7 Nxd7 34.
Rxd7 Qb6 35. Bxb7 Qxb5 36. cxb5 1-0

[Event "World Blitz 2025"]
[Site "Doha QAT"]
[Date "2025.12.29"]
[Round "7.112"]
[White "Ashwath Kaushik"]
[Black "Nikitenko, Mihail"]
[Result "0-1"]
[WhiteTitle "FM"]
[BlackTitle "GM"]
[WhiteElo "2345"]
[BlackElo "2476"]
[WhiteFideId "33387230"]
[BlackFideId "13506862"]
[EventDate "2025.12.29"]

1. e4 e5 2. Nf3 Nc6 3. Bc4 Nf6 4. Ng5 d5 5. exd5 Na5 6. Bb5+ Bd7 7. Bxd7+ Qxd7
8. O-O Nxd5 9. Re1 f6 10. Nf3 O-O-O 11. d3 g5 12. Bd2 Nc6 13. Nc3 Nf4 14. Ne4
Be7 15. Ng3 h5 16. h4 g4 17. Nh2 Ng6 18. f3 f5 19. fxg4 hxg4 20. h5 Bc5+ 21. Kh1
f4 22. Ne4 Bb6 23. Nf6 Qf5 24. Qxg4 Qxg4 25. Nhxg4 Rdf8 26. a4 a5 27. c3 Nge7
28. d4 Nf5 29. Kg1 exd4 30. Bxf4 dxc3+ 31. Kf1 cxb2 32. Rab1 Bd4 33. Nd5 Ng3# 0-1

[Event "World Blitz 2025"]
[Site "Doha QAT"]
[Date "2025.12.29"]
[Round "7.113"]
[White "Donchenko, Alexander"]
[Black "Khayat, Emad"]
[Result "1-0"]
[WhiteTitle "GM"]
[WhiteElo "2661"]
[BlackElo "1927"]
[WhiteFideId "24603295"]
[BlackFideId "21518076"]
[EventDate "2025.12.29"]

1. e4 e5 2. Nf3 Nc6 3. Bb5 a6 4. Ba4 d6 5. O-O Nf6 6. Re1 Bd7 7. c3 g6 8. d4 Bg7
9. Nbd2 O-O 10. h3 exd4 11. cxd4 Nb4 12. Bxd7 Qxd7 13. Qb3 c5 14. d5 Qb5 15. Nc4
Rad8 16. Bf4 Rfe8 17. a3 Rxe4 18. Rxe4 Nxe4 19. axb4 cxb4 20. Re1 f5 21. Ncd2
Nxd2 22. Nxd2 a5 23. Qe3 a4 24. Qe6+ Kh8 25. Bxd6 h6 26. Qxg6 Qb6 1-0

[Event "World Blitz 2025"]
[Site "Doha QAT"]
[Date "2025.12.29"]
[Round "7.114"]
[White "Abdilkhair, Abilmansur"]
[Black "Zhang, Zhong"]
[Result "0-1"]
[WhiteTitle "IM"]
[BlackTitle "GM"]
[WhiteElo "2378"]
[BlackElo "2561"]
[WhiteFideId "13716417"]
[BlackFideId "8600694"]
[EventDate "2025.12.29"]

1. e4 e5 2. Nf3 Nc6 3. d4 exd4 4. Nxd4 Qf6 5. Nb5 Bc5 6. Qe2 Bb6 7. N1c3 Nge7 8.
Be3 Ba5 9. O-O-O a6 10. Nd4 Bxc3 11. bxc3 O-O 12. Qd2 d6 13. f4 Nxd4 14. Bxd4
Qe6 15. Kb1 Nc6 16. Bd3 f6 17. Rhg1 Qf7 18. g4 Be6 19. g5 Nxd4 20. cxd4 fxg5 21.
d5 Bd7 22. f5 c6 23. Rxg5 Qf6 24. Rdg1 Rf7 25. h4 cxd5 26. h5 Kh8 27. exd5 Re8
28. Rg6 Qe5 29. R6g4 Bxf5 30. Rg5 h6 31. R5g3 Bxd3 32. Rxd3 Rf4 33. Rb3 b5 34.
a3 Re4 35. Ka2 Re2 36. Qd3 Rc8 37. Rb2 Re4 38. Rd1 Re8 39. Qh3 Re3 40. Qd7 Qc3
41. Qxd6 Qc4+ 42. Kb1 Re1 43. Kc1 Rxd1+ 44. Kxd1 Qd4+ 45. Kc1 Re1# 0-1

[Event "World Blitz 2025"]
[Site "Doha QAT"]
[Date "2025.12.29"]
[Round "7.115"]
[White "Sharan, Rao"]
[Black "Rakotomaharo, Fy Antenaina"]
[Result "0-1"]
[WhiteTitle "IM"]
[BlackTitle "IM"]
[WhiteElo "2341"]
[BlackElo "2434"]
[WhiteFideId "5073464"]
[BlackFideId "13100050"]
[EventDate "2025.12.29"]

1. Nf3 d5 2. b3 Bf5 3. Bb2 e6 4. e3 Nd7 5. d4 Ngf6 6. Bd3 Bg6 7. O-O Bd6 8. c4
c6 9. Nc3 O-O 10. Bxg6 hxg6 11. Qc2 Qe7 12. e4 dxe4 13. Nxe4 Nxe4 14. Qxe4 a5
15. a3 Rfd8 16. Rfd1 Nf8 17. Rd3 Rd7 18. g3 Rad8 19. Qe1 b6 20. Qe3 c5 21. d5
exd5 22. Qxe7 Bxe7 23. Ne5 dxc4 24. Rxd7 Nxd7 25. Nc6 Re8 26. Re1 Kf8 27. Nxe7
Rxe7 28. Bxg7+ Kxg7 29. Rxe7 cxb3 30. Kf1 c4 31. Re1 c3 32. Ke2 Nc5 33. Rd1 b2 0-1

[Event "World Blitz 2025"]
[Site "Doha QAT"]
[Date "2025.12.29"]
[Round "7.116"]
[White "Berend, Fred"]
[Black "Medhus, Vitus Bondo"]
[Result "1-0"]
[WhiteTitle "IM"]
[BlackTitle "FM"]
[WhiteElo "2213"]
[BlackElo "2387"]
[WhiteFideId "4000102"]
[BlackFideId "1462547"]
[EventDate "2025.12.29"]

1. d4 Nf6 2. Nf3 d5 3. g3 e6 4. Bg2 c6 5. Nbd2 Nbd7 6. c4 Be7 7. Qc2 O-O 8. O-O
b6 9. b3 Bb7 10. Bb2 Rc8 11. e4 dxe4 12. Nxe4 c5 13. Nxf6+ Bxf6 14. Rad1 Qe7 15.
Ng5 Bxg5 16. Bxb7 Rc7 17. Bg2 Bf6 18. Rfe1 g6 19. d5 Rcc8 20. dxe6 fxe6 21. Rxe6
Qg7 22. Bd5 Kh8 23. Bxf6 Nxf6 24. Rde1 Rc7 25. Qe2 Ng8 26. Bg2 Rcf7 27. f4 Nh6
28. Qe5 Nf5 29. Qxg7+ Kxg7 30. Re8 Rxe8 31. Rxe8 Rd7 32. Bd5 Ne7 33. Be6 Rd1+
34. Kg2 Nc6 35. Bd5 Rd2+ 36. Kh3 Nb4 37. Re7+ Kf8 38. Rf7+ Kg8 39. Rxa7+ Nxd5
40. cxd5 Rxd5 41. Kg4 Kh8 42. h4 Kg8 43. Rb7 Rd2 44. a4 Rd6 45. Kg5 Rc6 46. Kh6
g5+ 47. Kxg5 Rg6+ 48. Kf5 Rxg3 49. Rxb6 Rc3 50. a5 c4 51. b4 Rb3 52. Ke4 Rd3 53.
a6 Rd7 54. b5 Rc7 55. Rb7 Rc8 56. a7 c3 57. Rb8 1-0

[Event "World Blitz 2025"]
[Site "Doha QAT"]
[Date "2025.12.29"]
[Round "7.117"]
[White "Dahal, Sushrut"]
[Black "Dudin, Gleb"]
[Result "0-1"]
[WhiteTitle "CM"]
[BlackTitle "GM"]
[WhiteElo "2037"]
[BlackElo "2585"]
[WhiteFideId "12303275"]
[BlackFideId "34184934"]
[EventDate "2025.12.29"]

1. d4 Nf6 2. Nc3 d5 3. Bf4 Bf5 4. f3 e6 5. g4 Bg6 6. h4 h5 7. g5 Nfd7 8. e3 Be7
9. Bd3 O-O 10. Bxg6 fxg6 11. Qd3 Kh7 12. Nge2 c5 13. O-O-O Nc6 14. Ng3 cxd4 15.
Nb5 e5 16. exd4 exf4 17. Ne2 Nb4 18. Qb3 a6 19. Nbc3 Nb6 20. a3 Nc6 21. Na4 Nxa4
22. Qxa4 Na5 23. c3 Nc4 24. Rd3 b5 25. Qb3 a5 26. Rf1 b4 27. cxb4 axb4 28. a4
Qd7 0-1

[Event "World Blitz 2025"]
[Site "Doha QAT"]
[Date "2025.12.29"]
[Round "7.118"]
[White "Ezat, Mohamed"]
[Black "Alkhuriji, Abdulaziz N"]
[Result "1-0"]
[WhiteTitle "IM"]
[WhiteElo "2294"]
[BlackElo "1972"]
[WhiteFideId "10600906"]
[BlackFideId "21525919"]
[EventDate "2025.12.29"]

1. d4 d5 2. c4 e6 3. Nc3 Nf6 4. cxd5 exd5 5. Bg5 Be7 6. e3 O-O 7. Bd3 Re8 8.
Nge2 Be6 9. Nf4 Nbd7 10. O-O h6 11. Nxe6 fxe6 12. Bf4 c6 13. Bg6 Rf8 14. Bg3 Ne8
15. Qg4 e5 16. dxe5 Nc5 17. b4 Nd7 18. a3 Kh8 19. Bc2 Rg8 20. Rad1 Nf8 21. e4 d4
22. Ne2 c5 23. Nf4 Bg5 1-0

[Event "World Blitz 2025"]
[Site "Doha QAT"]
[Date "2025.12.29"]
[Round "7.119"]
[White "Aziz, Husain"]
[Black "Dinham, James"]
[Result "0-1"]
[WhiteTitle "IM"]
[WhiteElo "2256"]
[BlackElo "2091"]
[WhiteFideId "12100293"]
[BlackFideId "14327023"]
[EventDate "2025.12.29"]

1. d4 Nf6 2. Nf3 g6 3. Nc3 d5 4. Bf4 Bg7 5. Nb5 Na6 6. e3 O-O 7. h3 c6 8. Nc3
Qa5 9. Bd3 Nb4 10. Be2 Ne4 11. O-O Nxc3 12. bxc3 Na6 13. c4 Be6 14. Nd2 c5 15.
cxd5 Bxd5 16. c4 Bc6 17. d5 Ba4 18. Nb3 Bxa1 19. Nxa5 Bxd1 20. Rxd1 Bf6 21. Nxb7
Rfc8 22. Bg4 Rf8 23. a3 h5 24. Bd7 Bb2 25. Bb5 Nb8 26. Rd3 a6 27. Ba4 Ra7 28.
Nxc5 Rc8 29. Rb3 Bxa3 30. Rxa3 Rxc5 31. Bxb8 Rb7 32. Bf4 Ra5 33. Rb3 Rxb3 34.
Bxb3 Ra3 35. Bc2 Rc3 36. Ba4 Rxc4 37. Bc6 a5 38. Kf1 a4 39. Be5 a3 40. Ke2 Rc2+
41. Kd3 Rxf2 42. g4 h4 43. Bb5 Rf3 44. Bc4 Rxh3 45. d6 exd6 46. Bxd6 Rh1 47.
Bxa3 h3 48. Bd5 Rd1+ 49. Kc4 Rxd5 50. Kxd5 h2 51. Kd4 0-1

[Event "World Blitz 2025"]
[Site "Doha QAT"]
[Date "2025.12.29"]
[Round "7.120"]
[White "Alsaqer, Meshal"]
[Black "Tissir, Mohamed"]
[Result "0-1"]
[BlackTitle "IM"]
[WhiteElo "1853"]
[BlackElo "2293"]
[WhiteFideId "10301771"]
[BlackFideId "9000240"]
[EventDate "2025.12.29"]

1. d4 d6 2. Nf3 Nf6 3. g3 g6 4. Bg2 Bg7 5. O-O O-O 6. c4 a6 7. Nc3 Nc6 8. b3 Rb8
9. d5 Na5 10. Bd2 c5 11. Rb1 b5 12. cxb5 axb5 13. e4 b4 14. Na4 Nxe4 15. Qe2 Nf6
16. Ne1 Bd7 17. Nb2 Re8 18. Ned3 Bb5 19. Rfc1 Ra8 20. Bf4 Qd7 21. Nc4 Bxc4 22.
bxc4 Nb7 23. Rc2 Qf5 24. Re1 Ra3 25. Nc1 h5 26. Nb3 Rea8 27. Rd2 R3a7 28. Qxe7
Re8 29. Qxe8+ Nxe8 30. Rxe8+ Kh7 31. h4 Qb1+ 32. Kh2 Rxa2 33. Rxa2 Qxa2 34. Nd2
Qc2 35. Ne4 f6 36. Re7 Kg8 37. Rxb7 b3 38. Nxd6 b2 39. Be4 Qxf2+ 40. Kh3 f5 41.
Rb8+ Kh7 42. Bb1 Qf1+ 43. Kh2 Qxb1 44. Nf7 Bf6 45. Rb7 Qc2+ 46. Kh3 b1=Q 47.
Ng5+ Kg8 0-1

[Event "World Blitz 2025"]
[Site "Doha QAT"]
[Date "2025.12.29"]
[Round "7.121"]
[White "Muntean, Victor"]
[Black "AlJamaat, Khaled"]
[Result "1-0"]
[WhiteElo "2169"]
[BlackElo "1719"]
[WhiteFideId "1054414"]
[BlackFideId "12102415"]
[EventDate "2025.12.29"]

1. e4 e5 2. Nf3 Nc6 3. Bc4 Bc5 4. c3 Nf6 5. d4 exd4 6. cxd4 Bb4+ 7. Kf1 Nxe4 8.
d5 Ne7 9. Bb3 d6 10. Qd4 Nxf2 11. Qxf2 O-O 12. Nc3 Bf5 13. Nd4 Bc5 14. Be3 Bd3+
15. Kg1 Qd7 16. Bc2 Bxc2 17. Nxc2 Bxe3 18. Nxe3 f5 19. Nc2 Rae8 20. Nd4 Rf6 21.
h4 f4 22. Rh3 Ng6 23. Ne6 Ne5 24. Ne4 Rf5 25. Rf1 c6 26. Nd4 Rff8 27. dxc6 bxc6
28. Rd1 Ng4 29. Qf3 Ne3 30. Rd2 d5 31. Ng5 Ng4 32. Nge6 Rxe6 33. Nxe6 Qxe6 34.
Re2 Qd7 35. h5 Ne3 36. Rh4 Qf5 37. Rf2 d4 38. Rxf4 Qb1+ 39. Kh2 Rxf4 40. Qxf4 h6
41. Qxd4 1-0

[Event "World Blitz 2025"]
[Site "Doha QAT"]
[Date "2025.12.29"]
[Round "7.122"]
[White "Al-Janahi, Ibrahim"]
[Black "Alhassadi, Yousef A."]
[Result "1-0"]
[BlackTitle "FM"]
[WhiteElo "1656"]
[BlackElo "2098"]
[WhiteFideId "12102385"]
[BlackFideId "9204725"]
[EventDate "2025.12.29"]

1. d4 Nf6 2. c4 e6 3. Nc3 Bb4 4. e3 O-O 5. Bd3 d5 6. Nf3 c5 7. a3 Bxc3+ 8. bxc3
dxc4 9. Bxc4 Nbd7 10. O-O b6 11. Bd3 Bb7 12. Re1 Ne4 13. Qc2 Ndf6 14. Nd2 Nxd2
15. Bxd2 Rc8 16. Qd1 Ne4 17. Bxe4 Bxe4 18. f3 Bb7 19. Rc1 cxd4 20. cxd4 Qd6 21.
Bb4 Qd7 22. Bxf8 Rxf8 23. Qc2 Rc8 24. Qd2 Rd8 25. Rc3 h6 26. Rec1 Qd6 27. Qb2 e5
28. Qb4 Qe6 29. Rc7 Ba8 30. dxe5 Qxe5 31. Qf4 Qe6 32. Qc4 Bd5 33. Qf4 a5 34. e4
Bb3 35. Qf5 Qxf5 36. exf5 b5 37. Rc8 Rxc8 38. Rxc8+ Kh7 39. Rb8 Bc4 40. Kf2 h5
41. Ke3 Kh6 42. h4 Bf1 43. g4 f6 44. Rh8# 1-0

[Event "World Blitz 2025"]
[Site "Doha QAT"]
[Date "2025.12.29"]
[Round "7.123"]
[White "Al-Mansouri, Fahad"]
[Black "Bodemar, Jonathan"]
[Result "0-1"]
[BlackTitle "CM"]
[WhiteElo "1607"]
[BlackElo "2154"]
[WhiteFideId "12102407"]
[BlackFideId "6205488"]
[EventDate "2025.12.29"]

1. e4 e6 2. d4 d5 3. exd5 exd5 4. Bd3 Bd6 5. h3 Ne7 6. Nf3 O-O 7. O-O Bf5 8. c3
Nbc6 9. Re1 Qd7 10. Be3 Rae8 11. Bxf5 Nxf5 12. Nbd2 f6 13. Nf1 Kh8 14. Qc2 Re7
15. Re2 Rfe8 16. Rae1 Re4 17. N1d2 R4e7 18. Nf1 b6 19. Kh1 g6 20. Bc1 Kg7 21.
Qd3 Na5 22. Ne3 Nxe3 23. Rxe3 Nc4 24. R3e2 c6 25. b3 Na5 26. Qd2 g5 27. Re3 Rxe3
28. Rxe3 Bf4 29. Re2 Bxd2 0-1

[Event "World Blitz 2025"]
[Site "Doha QAT"]
[Date "2025.12.29"]
[Round "7.124"]
[White "Damaj, Mohammed"]
[Black "Ahmad, Saif"]
[Result "1-0"]
[WhiteTitle "CM"]
[WhiteElo "2119"]
[BlackElo "1567"]
[WhiteFideId "11501731"]
[BlackFideId "12102709"]
[EventDate "2025.12.29"]

1. d4 d5 2. Nc3 Nf6 3. Bf4 c5 4. e4 dxe4 5. dxc5 Nc6 6. Qxd8+ Nxd8 7. Nb5 Ne6 8.
O-O-O Bd7 9. Bc4 Rc8 10. Be3 g6 11. Nxa7 Ra8 12. Nb5 Bg7 13. Bxe6 Bxb5 14. Bb3
O-O 15. f3 Be2 16. Nxe2 1-0

[Event "World Blitz 2025"]
[Site "Doha QAT"]
[Date "2025.12.29"]
[Round "7.125"]
[White "Al Mashikhi, Salim Aliyan"]
[Black "Blackwood, Ryan"]
[Result "1-0"]
[WhiteTitle "FM"]
[WhiteElo "1952"]
[BlackElo "1945"]
[WhiteFideId "22000046"]
[BlackFideId "7400640"]
[EventDate "2025.12.29"]

1. e4 d5 2. exd5 Qxd5 3. Nc3 Qa5 4. Nf3 Nf6 5. Bc4 Bg4 6. O-O e6 7. d4 Nc6 8. h3
h5 9. Nb5 O-O-O 10. c3 Bxf3 11. Qxf3 a6 12. b4 Qa4 13. Na3 Ne7 14. Bb3 Qc6 15.
Qxc6 Nxc6 16. Bg5 Be7 17. b5 Na5 18. Nc4 Nxb3 19. axb3 axb5 20. Ne5 c6 21. Nxf7
Nd5 22. Bxe7 Nxe7 23. Ra8+ Kc7 24. Rxd8 Rxd8 25. Nxd8 Kxd8 26. Re1 Kd7 27. c4
bxc4 28. bxc4 Kd6 29. Re5 Nf5 30. c5+ Kd7 31. Re4 g5 32. f4 g4 33. hxg4 hxg4 34.
Kf2 g3+ 35. Kf3 Ke7 36. Kg4 Kf6 37. Kf3 Kf7 38. Ke2 Kf6 39. Kd3 Nh4 40. Re3 Nxg2
41. Rxg3 Nxf4+ 42. Ke4 Nd5 43. Rf3+ Ke7 44. Rb3 Kf6 45. Rxb7 Nc3+ 46. Kd3 Nd5
47. Rh7 Nf4+ 48. Kc4 Nd5 49. Rd7 Ne7 50. Rd6 Kf5 51. Kb4 e5 52. Rd7 Nd5+ 53.
Rxd5 cxd5 54. c6 Ke6 55. dxe5 d4 56. Kc4 Kxe5 57. c7 Ke4 58. c8=Q d3 59. Qe6+ 1-0

[Event "World Blitz 2025"]
[Site "Doha QAT"]
[Date "2025.12.29"]
[Round "7.126"]
[White "Al-Kuwari, Hamad"]
[Black "Fates, Omer Salah"]
[Result "0-1"]
[WhiteTitle "CM"]
[WhiteElo "1809"]
[BlackElo "2079"]
[WhiteFideId "12102679"]
[BlackFideId "9212035"]
[EventDate "2025.12.29"]

1. e4 e6 2. d4 d5 3. exd5 exd5 4. Bd3 Bd6 5. Nf3 Nf6 6. O-O O-O 7. h3 c5 8. c3
Nc6 9. Bg5 h6 10. Bh4 Be6 11. Re1 cxd4 12. cxd4 Nb4 13. Nc3 Nxd3 14. Qxd3 a6 15.
Ne5 Rc8 16. Qf3 Be7 17. Re2 Qa5 18. Ng6 fxg6 19. Rxe6 Ne4 20. Qg4 h5 21. Qxg6
Bxh4 22. g3 Rf6 23. Rxf6 Bxf6 24. Nxe4 dxe4 25. Qxe4 Rd8 26. Qxb7 Bxd4 27. Qe4
Bxb2 28. Qc4+ Qd5 29. Qxd5+ Rxd5 30. Rb1 Bc3 31. Rb8+ Kh7 32. Rb6 Ra5 33. Rc6
Bb2 34. Rc2 Rxa2 35. Kf1 a5 36. Ke2 a4 37. Kd3 a3 38. Rd2 Ra1 39. Kc2 Rh1 40. h4
a2 0-1

[Event "World Blitz 2025"]
[Site "Doha QAT"]
[Date "2025.12.29"]
[Round "8.1"]
[White "Van Foreest, Jorden"]
[Black "Carlsen, Magnus"]
[Result "1/2-1/2"]
[WhiteTitle "GM"]
[BlackTitle "GM"]
[WhiteElo "2692"]
[BlackElo "2840"]
[WhiteFideId "1039784"]
[BlackFideId "1503014"]
[EventDate "2025.12.29"]

1. e4 c5 2. Nf3 e6 3. g3 d5 4. exd5 exd5 5. d4 Nf6 6. Bg2 Be7 7. O-O O-O 8. Be3
cxd4 9. Nxd4 Nc6 10. h3 Re8 11. Nc3 h6 12. Re1 Bb4 13. a3 Bxc3 14. bxc3 Ne5 15.
Bf4 Nc4 16. a4 Rxe1+ 17. Qxe1 Bd7 18. Qd1 Qa5 19. Qd3 Re8 20. Nb3 Qd8 21. Qd4 a5
22. Nd2 Nxd2 23. Bxd2 Bc6 24. c4 Ne4 25. cxd5 Bxd5 26. Be1 Qf6 27. Qxf6 Nxf6 28.
Bxa5 Bxg2 29. Kxg2 Rc8 30. Rb1 Rxc2 31. Rxb7 Ra2 32. Rb4 Nd7 33. Bc7 Nc5 34. a5
Na6 35. Rc4 Nxc7 1/2-1/2